000 01431nam a22002537a 4500
999 _c58587
_d58587
003 Ge_BSU
005 20220608125719.0
008 220608s2018ge xxu||||| |||| 00| 0 geo d
020 _a9144119756091
041 _ageo
080 _a1(38) პ-43
100 _aპლატონი, 427-347 ჩ.წ.ა
_914012
245 _aფედონი /
_cპლატონი, ტექსტი გამოსაცემად მოამზადეს : დავით კუხალეიშვილმა, თამარ აფაქიძემ და ბადრი შარვაძემ
250 _aმე-2 გამოცემა, შესწორებული
264 _aთბილისი :
_bPUBLISHERS
_c2018.
300 _a51 გვ.:
_c27 სმ.
501 _aსახელთა საძ.გვ:50-51
653 _aძველი ბერძნული ფილოსოფია.
653 _aფილოსოფია
700 _aკუხალეიშვილი, დავით
_eგამოსაცემად მოამზადა ტექსტი
_914013
700 _aაფაქიძე, თამარ
_eგამოსაცემად მოამზადა ტექსტი
_914014
700 _aშარვაძე, ბადრი
_eგამოსაცემად მოამზადა ტექსტი
_914015
942 _2udc
_cBK